Normal view
MARC view
Entry Personal Name
001 - CONTROL NUMBER
- control field: 165768
003 - CONTROL NUMBER IDENTIFIER
- control field: OSt
005 - DATE AND TIME OF LATEST TRANSACTION
- control field: 20220923222037.0
008 - FIXED-LENGTH DATA ELEMENTS
- fixed length control field: 220923|| aca||aabn | a|a d
040 ## - CATALOGING SOURCE
- Original cataloging agency: OSt
- Transcribing agency: OSt
100 ## - HEADING--PERSONAL NAME
- Personal name: शास्त्री, नोरि नरसिंह; रेड्डी, बालशौरि, अनु
670 ## - SOURCE DATA FOUND
- Source citation: Work cat.: (OSt)353531: शास्त्री, नोरि नरसिंह; रेड्डी, बालशौरि, अनु., रूद्रमा देवी* तेलुगु का ऐतिहासिक उपन्यास, अनु बालशौरि रेड्डी, 1969
